000 00920nam a2200253 i 4500
003 DO-SdBNP
005 20251007090026.0
007 ta
008 140610s1986 dr 000 0 spa d
040 _aDO-SdBNP
_bspa
_cBNPHU
_erda
041 _aspa
082 4 _axxxx
_bM294
_222
245 0 0 _aManual del legislador dominicano /
_ceditor, Miguel Tejada ; contribuciones, Juan Jorge García, Julio Genaro Campillo Pérez y Fabio Herrera-Roa.
250 _aSegunda edición, actualizada
264 1 _aSantiago de los Caballero, República Dominicana :
_bUniversidad Católica Madre y Maestra,
_c1986.
300 _a147 páginas ;
_c20 cm.
336 _atexto
_btxt
_2rdacontent
337 _asin mediación
_bn
_2rdamedia
338 _avolumen
_bnc
_2rdacarrier
490 1 _aColección Estudios
590 _aInventariado, 2020 /LP
700 1 _aTejada, Adriano Miguel
_d1948-2020
_eeditor
_98560
_4ed.
942 _2ddc
_cLBS1
999 _c43723
_d43723